00504 2200181 4500001002100000005001500021007000300036008004100039035002000080082001400100084002000114100002200134245007100156260003400227300003300261600001400294990001400308INLIS00000000000452520260113083431ta260113 g 0 ind  a0010-0126000024 a338.43.02 a338.43.02 SUD r0 aSudaryanto Tahlim1 aRagam Pemikiran Menjawab Isu Aktual Pertanian /cTahlim Sudaryanto aJakarta :bIAARD Press,c2018 ai, 305 hlm :bilus. ;c21 cm 4aPertanian aBUN028574